| 000 | 00510nam a2200193 a 4500 | ||
|---|---|---|---|
| 001 | 0391 | ||
| 005 | 20140414132037.0 | ||
| 008 | 040913s19uu xx 00 eng d | ||
| 020 | _a0-949714-80-1 | ||
| 050 |
_aTR _bSA3 1999 |
||
| 100 | _aGriffin, Petrina | ||
| 245 |
_aSally goes swimming / _cPetrina Griffin. |
||
| 260 |
_aAustralia : _bRoland Harvey Books, _c1999. |
||
| 300 | _a1 v.p. : ill. ; cm. | ||
| 440 | _aRoly Poly books | ||
| 650 |
_aSwimming _xfiction. |
||
| 999 |
_c113746 _d113746 |
||